000 00788nam a2200193Ii 4500
003 JO-AjNU
008 230605s9999||||xx |||||||||||||| ||und||
040 _aJO-AjNU
_bara
_erda
_cJO-AjNU
041 _aara
050 1 4 _aLB2324 2011
100 3 _aجامعة الزرقاء، الأردن,
_eauthor
_948522
245 0 0 _aالمؤتمر العربي الدولي الأول لضمان جودة التعليم العالي=The First International Arab Conference On Quality Assurance In Higher Education IACQA 2011
264 3 1 _aالأردن:جامعة الزرقاء،2011
300 _a183ص
336 _atext
_btxt
_2rdacontent
337 _aunmediated
_bn
_2rdamedia
338 _avolume
_bnc
_2rdacarrier
650 4 _aالتعليم العالي-إدارة-ضبط جودة
_948523
999 _aA21255
_c24823
_d24823